Guía práctica de prevención y primeros auxilios: que hacer ante una emergencia (Registro nro. 1206)
[ vista simple ]
| 000 -Cabecera | |
|---|---|
| Campo de control de longitud fija | 00993aam a2200373 4500 |
| 005 - Fecha y hora de la última transacción | |
| Campo de control | 20250918141458.0 |
| 008 - Elementos de longitud fija--Información general | |
| Campo de control de longitud fija | 150605b2000 xxu||||| |||| 00| 0 spa d |
| 020 ## - International Standard Book Number | |
| Número Internacional Estándar del Libro (ISBN) | 8401376955 |
| 041 ## - Idioma | |
| Código de idioma | Español |
| 082 ## - Clasificación Decimal Dewey | |
| Número de clasificación | 617.026 G943g |
| 245 ## - Título propiamente dicho | |
| Título | Guía práctica de prevención y primeros auxilios: que hacer ante una emergencia |
| 260 ## - Pie de imprenta | |
| Lugar de publicación, distribución, etc. | España |
| 260 ## - Pie de imprenta | |
| Nombre del editor, distribuidor, etc. | Plaza & Janes Editores |
| 260 ## - Pie de imprenta | |
| Fecha de publicación, distribución, etc. | 2000 |
| 300 ## - Descripción física | |
| Extensión | 127 páginas |
| 300 ## - Descripción física | |
| Otras características físicas | Ilustraciones a color |
| 490 ## - Serie | |
| Título de la Serie | Investigación Criminal |
| 490 ## - Serie | |
| Título de la Serie | Temática General |
| 650 ## - Materia general | |
| Temática (materia general) | PRIMEROS AUXILIOS |
| 650 ## - Materia general | |
| Temática (materia general) | ACCIDENTES DOMÉSTICOS |
| 650 ## - Materia general | |
| Temática (materia general) | AHOGAMIENTO |
| 650 ## - Materia general | |
| Temática (materia general) | ALERGIAS ALIMENTARIAS |
| 650 ## - Materia general | |
| Temática (materia general) | CONTUSIONES |
| 650 ## - Materia general | |
| Temática (materia general) | CRISIS CONVULSIVAS |
| 650 ## - Materia general | |
| Temática (materia general) | DESMAYO |
| 650 ## - Materia general | |
| Temática (materia general) | FRACTURAS |
| 650 ## - Materia general | |
| Temática (materia general) | HEMORRAGIAS |
| 650 ## - Materia general | |
| Temática (materia general) | INFARTOS |
| 650 ## - Materia general | |
| Temática (materia general) | INTOXICACIONES |
| 650 ## - Materia general | |
| Temática (materia general) | PICADURAS |
| 650 ## - Materia general | |
| Temática (materia general) | QUEMADURAS |
| 650 ## - Materia general | |
| Temática (materia general) | PREVENCIÓN DE ENFERMEDADES |
| 942 ## - Punto de acceso adicional KOHA | |
| Tipo de ítem KOHA | Libro |
| Fuente del sistema de clasificación o colocación | Dewey Decimal Classification |
| Signatura completa | Código de barras | Programa Académico | Tipo de ítem |
|---|---|---|---|
| 617.026 G943g | 10004 | Libro |